| 000 | 00952nam a22002417a 4500 | ||
|---|---|---|---|
| 999 |
_c3770 _d3770 |
||
| 001 | 19261 | ||
| 003 | BD-DhUAP | ||
| 005 | 20200311155640.0 | ||
| 008 | 200311r20051972nyu||||| |||| 00| 0 eng d | ||
| 020 | _a9780195671605 | ||
| 040 |
_aBD-DhUAP _bEng _cBD-DhUAP _dBD-DhUAP |
||
| 082 |
_223 _a823.5 CRU |
||
| 100 | _aCrusoe, Robinson. | ||
| 245 |
_aThe life and strange surprizing adventures of Robinson Crusoe, of York, mariner : _b who lived eight and twenty years, all alone in an un-inhabited island on the coast of America... / _cRobinson Crusoe ; Edited with an introduction and notes by J. Donald Crowley. |
||
| 260 |
_aNew York : _bOxford University Press, _cc1972. |
||
| 300 |
_axxx, 316 pages ; _c20 cm. |
||
| 490 | _aOxford world's classics. | ||
| 600 |
_aCrusoe, Robinson (Fictitious character) _vFiction. |
||
| 650 |
_aShipwreck survival _vFiction. |
||
| 650 |
_aCastaways _vFiction. |
||
| 700 | _aCrowley, J. Donald. | ||
| 942 |
_2ddc _cBK |
||